000 00302nam a22001337a 4500
020 _a978-81-84-77666-9
082 _a823
_bZUT/G
100 _aZUTSHI, VINITA
245 _aTHE GREAT INDIA CHALLENGE
260 _aUK
_bSCHOLASTIC
_c2011
300 _a86
650 _aENGLISH SHORT STORY
_zUK
942 _cBK
999 _c3401
_d3401